Administration report, 2019-2020 (Record no. 520903)

000 -LEADER
fixed length control field 00264nam a2200097 4500
082 ## - DEWEY DECIMAL CLASSIFICATION NUMBER
Classification number A45:N4/KERA/A/2019-20
100 ## - MAIN ENTRY--PERSONAL NAME
Personal name Kerala. Home Department
9 (RLIN) 32198
245 ## - TITLE STATEMENT
Title Administration report, 2019-2020
260 ## - PUBLICATION, DISTRIBUTION, ETC. (IMPRINT)
Place of publication, distribution, etc Thiruvanathapuram
Name of publisher, distributor, etc The author
Date of publication, distribution, etc 2020
300 ## - PHYSICAL DESCRIPTION
Extent 102p

No items available.

Powered by Koha